| 000 | 00670nam a22001937a 4500 | ||
|---|---|---|---|
| 003 | OSt | ||
| 005 | 20241128122739.0 | ||
| 008 | 241128b |||a|||| |||| 00| 0 spa d | ||
| 020 | _a9789589266588 | ||
| 037 | _bDonación | ||
| 040 |
_aCO-JMCR _bspa _cCO-JMCR _dCO-JMCR _erda |
||
| 041 | 0 | _aspa | |
| 082 | 0 | 4 |
_a336.098 _bC71e _223 |
| 110 | 1 |
_aColombia. _bMinisterio de Hacienda y Crédito Público. _97620 |
|
| 245 | 1 | 0 |
_aEstrategia económica y fiscal : _b2010-2014 / _cMinisterio de Hacienda y Crédito Público. |
| 260 |
_aBogotá D.C. : _bMinisterio de Hacienda y Crédito Público, _c2010. |
||
| 300 |
_a187 páginas : _bilustraciones ; _c24 cm. |
||
| 942 |
_2ddc _cBK |
||
| 999 |
_c30897 _d17281 |
||